000 00449pam a2200157a 44500
008 230515b1992 xxu||||| |||| 00| 0 eng d
020 _aNULL
041 _aENGL
082 _a301 RAJ.
100 _a"RAJ HANS,"
245 _aGENERAL SOCIOLOGY
250 _a0
260 _aDELHI
_bSBD PUBLISHERS DISTRIBUTORS
_c1992
300 _aNULL
650 _a"SOCIOLOGY,KARL MARX AND MAX WEDER,SOCIAL SYSTEM AND CULTURE,MARRIAGE AND RELIGION,SOCIAL CHANGE"
999 _c534164
_d534164